000 01116nam a2200121Ia 4500
008 220615s9999||||xx |||||||||||||| ||und||
245 0 _aAudacious Education Purposes
_bHow Governments Transform the Goals of Education Systems
546 _aEnglish[eng]
650 _aInternational and Comparative Education||Educational Policy and Politics||Curriculum Studies||Administration, Organization and Leadership||Open Access||transformation of public education systems||role of curriculum||Deeper Learning||Twenty first century skills||Socio-emotional development||education reform||Education Policy||Education Leadership||Systemic educational change||Comparative education||Education in Finland||Education in Japan||Education in Brazil||Education in Mexico||Education in Poland||Education in Russia||Education in Peru||Education in Portugal||Education||Educational strategies & policy||Curriculum planning & development||Educational administration & organization
700 _aReimers, Fernando M.
856 _uhttps://library.oapen.org/bitstream/20.500.12657/37709/1/2020_Book_AudaciousEducationPurposes.pdf
942 _cEB
999 _c16306
_d16306